Nhắm mắt thấy Paris
সংরক্ষণ করুন:
| প্রধান লেখক: | |
|---|---|
| বিন্যাস: | গ্রন্থ |
| ভাষা: | Undetermined |
| প্রকাশিত: |
Thành phố Hồ Chí Minh
Trẻ
2013
|
| বিষয়গুলি: | |
| ট্যাগগুলো: |
ট্যাগ যুক্ত করুন
কোনো ট্যাগ নেই, প্রথমজন হিসাবে ট্যাগ করুন!
|
| Thư viện lưu trữ: | Trung tâm Học liệu Trường Đại học Cần Thơ |
|---|
| LEADER | 00644nam a2200193Ia 4500 | ||
|---|---|---|---|
| 001 | CTU_194134 | ||
| 008 | 210402s9999 xx 000 0 und d | ||
| 020 | |c 58000 | ||
| 082 | |a 895.92234 | ||
| 082 | |b D561 | ||
| 100 | |a Dương Thụy | ||
| 245 | 0 | |a Nhắm mắt thấy Paris | |
| 245 | 0 | |c Dương Thụy | |
| 260 | |a Thành phố Hồ Chí Minh | ||
| 260 | |b Trẻ | ||
| 260 | |c 2013 | ||
| 650 | |a Short stories, Vietnamese,Vietnamese literature,Truyện ngắn,Văn học Việt Nam | ||
| 650 | |y 21st century,21st century,Thế kỷ 21,Thế kỷ 21 | ||
| 980 | |a Trung tâm Học liệu Trường Đại học Cần Thơ | ||